| 000 | 01874cam a22004457a 4500 | ||
|---|---|---|---|
| 999 | _c54402 | ||
| 001 | 18839783 | ||
| 003 | LIBRIS | ||
| 005 | 20201109144606.0 | ||
| 008 | 151218s2015 sw a||||||||||001 0|swe|d | ||
| 020 |
_a9789127144910 _qhäftad |
||
| 035 | _a(BOKR)9789127144910 | ||
| 040 |
_aBOKR _dH _ea |
||
| 041 | _aswe | ||
| 082 | 0 | 4 |
_a616.85852 _222 |
| 084 |
_aVlac _2kssb/8 (machine generated) |
||
| 100 | 1 |
_aCrafoord, Clarence, _d1936- _0https://libris.kb.se/wt79952f37vr9wc#it |
|
| 245 | 1 | 3 |
_aEn bok om borderline / _cClarence Crafoord. |
| 264 | 1 |
_aStockholm : _bNatur & Kultur : _bPrint on demand, _c2015 |
|
| 300 |
_a260 s. _bill. : _c21 cm |
||
| 340 | _b21 cm | ||
| 650 | 7 |
_aBorderline _0https://id.kb.se/term/sao/Borderline _2sao |
|
| 650 | 0 | _aBorderline personality disorder | |
| 887 |
_a{"@id":"fzr2njtr0tfdch6","modified":"2016-10-11T16:02:59+02:00","checksum":"84771101686"} _2librisxl |
||
| 887 |
_a{"@id":"v079vd31538rlp6","modified":"2017-02-06T17:29:36+01:00","checksum":"26784739688"} _2librisxl |
||
| 887 |
_a{"@id":"s2rpqd7pq91js5qw","modified":"2018-07-23T10:24:14.397+02:00","checksum":"29013624954"} _2librisxl |
||
| 887 |
_a{"@id":"nxf5113fl722fb3n","modified":"2019-02-07T15:16:35.272+01:00","checksum":"18299907850"} _2librisxl |
||
| 887 |
_a{"@id":"7kd1ncv85pspfn85","modified":"2020-01-30T13:25:31.004+01:00","checksum":"26861926738"} _2librisxl |
||
| 942 |
_2z _cBOOK |
||